• 首页
  • 本馆介绍
  • 公告通知
  • 最新文献
  • 馆藏检索
  • 电子资源
  • 读者导购
  • 参考咨询
  • 我的图书馆
  • 登录
  • 详细信息显示
  • 放入我的书架
  • 预约/预借图书
  • 作者相关作品
  • 分类相关作品
  • 丛书相关作品
  • 出版社相关作品

书目信息

  • 表格格式
  • 工作单格式
  • 卡片格式
题名:
煤质仪器分析与燃煤机械采制样技术
    
 
作者: 林木松 编著
分册:  
出版信息: 北京   中国电力出版社  2016.11
页数: 311页
开本: 26cm
丛书名:
单 册:
中图分类: TQ533 , TM621.2
科图分类:
主题词: 煤质分析--仪器分析 , 电厂燃料系统--煤样--采样
电子资源:
ISBN: 978-7-5123-9635-7
000 01111nam0 2200277 450
001 0400003839
005 20171022151341.0
010    @a978-7-5123-9635-7@dCNY70.00
100    @a20170215d2016 em y0chiy50 ea
101 0  @achi
102    @aCN@b110000
105    @aa az 000yy
106    @ar
200 1  @a煤质仪器分析与燃煤机械采制样技术@9mei zhi yi qi fen xi yu ran mei ji xie cai zhi yang ji shu@f林木松[等]编著
210    @a北京@c中国电力出版社@d2016.11
215    @a311页@c图@d26cm
304    @a编著者还有:苏伟、陈刚、张宏亮、陈文中、李宇春
320    @a有书目(第311页)
330    @a本书针对大型电站的燃煤采、制、化技术在实际生产中的应用,以最新颁布的国家标准为基础,对燃煤采、制、化方法做了系统阐述。特别是对各种采、制、化设备和仪器的内部结构、维护方法做了非常详细的介绍,以加深检测人员对检测仪器的认识,在提高检测水平的同时,提高对仪器的维护能力,延长仪器的使用寿命。
606 0  @a煤质分析@x仪器分析
606 0  @a电厂燃料系统@x煤样@x采样
690    @aTQ533@v5
690    @aTM621.2@v5
701  0 @a林木松@9lin mu song@4编著
801  0 @aCN@b91MARC@c20171022
905    @b1036461-5@dTQ533@f5@e91
    
    煤质仪器分析与燃煤机械采制样技术/林木松[等]编著.-北京:中国电力出版社,2016.11
    311页:图;26cm
    
    
    ISBN 978-7-5123-9635-7:CNY70.00
    本书针对大型电站的燃煤采、制、化技术在实际生产中的应用,以最新颁布的国家标准为基础,对燃煤采、制、化方法做了系统阐述。特别是对各种采、制、化设备和仪器的内部结构、维护方法做了非常详细的介绍,以加深检测人员对检测仪器的认识,在提高检测水平的同时,提高对仪器的维护能力,延长仪器的使用寿命。
●
相关链接 在E读中查询图书 在五车中查询图书 在当当中查询图书 在豆瓣中查询图书


正题名:煤质仪器分析与燃煤机械采制样技术     索取号:TQ533/91         预约/预借

序号 登录号 条形码 馆藏地/架位号 状态 备注
1 1036461   210364611   第二样本阅览室/ [索取号:TQ533/91] 在馆    
2 1036462   210364620   密集书库-化学系/ [索取号:TQ533/91] 在馆    
3 1036463   210364639   第三借阅区/ [索取号:TQ533/91] 在馆    
4 1036464   210364648   第三借阅区/ [索取号:TQ533/91] 在馆    
5 1036465   210364657   第三借阅区/ [索取号:TQ533/91] 在馆    
唐山师范学院图书馆 欢迎您!
大连网信软件有限公司© 版权所有